| 000 | 01077nam a2200277 a 4500 | ||
|---|---|---|---|
| 001 | 74246 | ||
| 003 | BD-RjUL | ||
| 005 | 20211209082524.0 | ||
| 008 | 180412t19981992bg ||||| |||| 00| 0 ben d | ||
| 020 |
_a984446045X _cTk.100.00 |
||
| 035 | _a(BD-RjUL)74464 | ||
| 040 |
_aBD-RjUL _beng _cBD-RjUL |
||
| 041 | _aben | ||
| 082 |
_223 _a891.44042 _bMAB 1998 |
||
| 100 | 1 |
_aমামুদ, হায়াৎ _9221142 |
|
| 245 | 1 | 0 |
_aবাংলা লেখার নিয়মকানুন : বানান ও ভাষারীতির গাইড-বুক / _cহায়াৎ মামুদ, |
| 250 | _a২য় সংস্করণ | ||
| 260 |
_aঢাকা : _bপ্রতীক , _c১৯৯৮ |
||
| 300 |
_a১৭২ পৃ. ; _c২২ সেমি. |
||
| 504 | _aগ্রন্থপঞ্জি সংযোজিত | ||
| 650 |
_aবাংলা ভাষা _vস্টাইল _9221143 |
||
| 650 |
_aBengali language _vStyle. _9221144 |
||
| 650 |
_aভাষা শৈলী _9221145 |
||
| 650 |
_aLanguage style. _9221146 |
||
| 942 |
_2ddc _cBK |
||
| 999 |
_c74246 _d74246 |
||